000 00510nam a22001817a 4500
005 20251108164355.0
008 250721s1987 xx 000 0 ara d
082 1 4 _a414.2/علي
100 1 _aأبو علي، محمد بركات حمدي
245 1 0 _aسر العربية و بيانها /
264 1 _aعمان :
_bدار البشير،
_c1987.
300 _a197ص.
650 1 7 _aاللغة العربية
650 1 7 _aالبلاغة
650 1 7 _aالبيان
942 _2ddc
_cBK
999 _c10590
_d10590